000 04128nam a22003137i 4500
001 TCPA 54
003 gtcocun
005 20250910230707.0
006 a||||gr|||| 00| 0
008 250910b2018 gt ||||| m||| 00| 0 eng d
040 _agtcocun
_bSPA
_cgtcocun
_eRDA
041 _aSPA
084 _0TCPA 54
100 _aLeal Hoenes, Zindy Alicia
_eAutor
245 _aInforme final del Ejercicio Profesional Supervisado, realizado en la Asociacíon de Caficultores Asociados del Norte (CAFESANO), ubicada en Cobán, Alta Verapaz/
_cZindy Alicia Leal Hoenes
_hImpreso
264 _aCobán, Alta Verapaz:
_bUniversidad de San Carlos de Guatemala, Centro Universitario del Norte, Licenciatura en Contaduría Pública y Auditoría.
_c2018
300 _a85 p.:
_bIlustraciones, gráficas.
_c28 cm;
336 _2rdacontenido
_aTexto
_btxt
337 _2rdamedio
_aComputadora
_bn
338 _2rdasoporte
_aCódigo en línea
_bcr
502 _e.
502 _aTesis de grado
_bLicenciatura en Contaduría Pública y Auditoría.
_cUniversidad de San Carlos de Guatemala, Centro Universitario del Norte, Licenciatura en Contaduría Pública y Auditoría.
_d2018
_oTCPA 54
520 1 4 _aDe conformidad con la Constitución Política de la República de Guatemala, la Universidad de San Carlos de Guatemala es una institución autónoma, encargada de la educación superior del Estado, formadora de profesionales con principios éticos y excelencia académica, a través del Centro Universitario del Norte cumple con el desarrollo científico, social, y humanístico del alumnado, para lograr los fines, objetivos de la casa de estudios y presenta en su oferta académica la carrera de Contaduría Pública y Auditoria. Razón por la cual se elaboró un diagnóstico en la Asociación de Caficultores Asociados del Norte (CAFESANO), para conocer la estructura de la organización y los procesos administrativos y financieros que realizaron al administrar fondos públicos del programa de extensión de cobertura del período 1 de enero de 2006 al 31 de diciembre de 2014, el plan de trabajo se ejecutó en tres actividades de acuerdo a su jerarquización, en la primera actividad se revisaron los cierre de convenios, donde se evaluó los desembolsos y/o anticipos recibidos, ejecución presupuestaria financiera, análisis del cálculo de diez por ciento (10%) Overhead, de acuerdo a la ejecución presupuestaria, asimismo se revisaron los préstamos entre convenios, en la segunda actividad se verificó el cumplimiento de control, almacenamiento y distribución de medicamentos. La tercera actividad se centró en los bienes no fungibles adquiridos durante la vigencia de los convenios, examinando los registros contables en los libros de inventarios autorizados por la Contraloría General de Cuentas. Se analizó cada una de las situaciones encontradas, donde los hallazgos más relevantes se detallaron para dar las respectivas recomendaciones y con ello brindar soluciones adecuadas para cada una de ellas, además en el presente trabajo se elaboraron conclusiones y recomendaciones a la organización para su cumplimiento, con el fin de realizar los reintegros de las cantidades faltantes de medicamentos y la reposición de los bienes no fungibles, ello para no ser sancionados por parte de la Contraloría General de Cuentas; de manera que la Dirección de Área de Salud de Alta Verapaz, les otorgue el finiquito correspondiente para estar solventes y asimismo lograr solicitar, calificar y ejecutar nuevos proyectos en el sector público o privado. Para respaldar el trabajo realizado, se adjunta al presente trabajo los informes, anexos, cédulas de trabajos, entre otros documentos que reflejan la auditoría realizada.
650 1 4 _2LEMB
_aCobán, Alta Verapaz
_xcierre de convenios
_xcontrol
_xevaluacion de inventarios
700 _aLic. Julio Armando Samayoa Santiago
_eAsesor
856 _uhttps://drive.google.com/file/d/1W2CBhZR9e-a_pvN_K6BtC57cwgu0IgGP/view?usp=sharing
_yPDF
_zUn ejemplar en línea.
942 _2ddc
_cTES
_iTCPA_54
_kClasificación
_n0
_6TCPA__54
999 _c1782
_d1782